| 000 | 00902nam a22002297a 4500 | ||
|---|---|---|---|
| 999 |
_c2221 _d2221 |
||
| 003 | AR-CdUCM | ||
| 008 | 190304b ||||| |||| 00| 0 spa d | ||
| 020 | _a847088977 | ||
| 040 |
_aMUNICIPALIDAD PROVINCIAL DEL CUSCO _cBIBLIOTECA MUNICIPAL DEL CUSCO |
||
| 082 |
_a309.26 / _bF38 |
||
| 100 |
_aFernandez Rodriguez, Tomas Ramon _98003 |
||
| 245 | _aEl medio ambiente urbano y las vecindades industriales / | ||
| 260 |
_aMadrid : _bIEAL, _c1973. |
||
| 300 |
_a219 páginas ; _c20 cm. |
||
| 440 |
_aEstudios Jurídicos _98004 |
||
| 505 | _aEl medio ambiente: mito y realidad -- El medio ambiente y las vecindades industriales como problema jurídico -- El planteamiento civil: las relaciones de vecindad... | ||
| 650 |
_aMedio ambiente. _97215 |
||
| 650 |
_aVecindades industriales. _98005 |
||
| 650 |
_aProblema jurídico del medio ambiente _98006 |
||
| 942 |
_2ddc _cLIBROS |
||
| 945 |
_awfj _d2019-03-04 |
||